000 00238nam a22000977a 4500
008 170123b xxu||||| |||| 00| 0 eng d
041 _aeng
080 _21ST
_a618.2
245 _aEMERGENCY NURSING PEDIATRIC COURSE
_cHALEY, K
942 _2udc
_cBK
999 _c3350
_d3350